Report to the sixth Congress of the Workers' Party of Korea on the work of the Central Committee October 10, 1980 / (Record no. 63937)
[ view plain ]
| 000 -LEADER | |
|---|---|
| fixed length control field | 00805nam a2200229 a 4500 |
| 001 - CONTROL NUMBER | |
| control field | 63937 |
| 003 - CONTROL NUMBER IDENTIFIER | |
| rucl marc code | BD-RjUL |
| 005 - DATE AND TIME OF LATEST TRANSACTION | |
| control field | 20211209081244.0 |
| 008 - FIXED-LENGTH DATA ELEMENTS--GENERAL INFORMATION | |
| fixed length control field | 170205s1980 kn a 000 0 eng d |
| 035 ## - SYSTEM CONTROL NUMBER | |
| System control number | (BD-RjUL)64067 |
| 040 ## - CATALOGING SOURCE | |
| Original cataloging agency | LC |
| Language of cataloging | eng |
| Transcribing agency | LC |
| Modifying agency | BD-RjUL |
| 041 1# - LANGUAGE CODE | |
| Language code of text/sound track or separate title | engkor |
| 082 04 - DEWEY DECIMAL CLASSIFICATION NUMBER | |
| Classification number | 951.93043 |
| Edition number | 23 |
| Author mark and year | SUR 1980 |
| 100 ## - MAIN ENTRY--PERSONAL NAME | |
| Personal name | Sung, Kim il |
| 9 (RLIN) | 189852 |
| 245 10 - TITLE STATEMENT | |
| Title | Report to the sixth Congress of the Workers' Party of Korea on the work of the Central Committee October 10, 1980 / |
| Statement of responsibility, etc. | Kim il Sung |
| 260 ## - PUBLICATION, DISTRIBUTION, ETC. (IMPRINT) | |
| Place of publication, distribution, etc. | Pyongyang, Korea : |
| Name of publisher, distributor, etc. | Foreign Languages Pub. House, |
| Date of publication, distribution, etc. | 1980. |
| 300 ## - PHYSICAL DESCRIPTION | |
| Pagination | 118 p. : |
| Illustrations | ill. ; |
| Size | 20 cm. |
| 610 ## - SUBJECT ADDED ENTRY--CORPORATE NAME | |
| Corporate name or jurisdiction name as entry element | Choson Nodongdang. |
| Subordinate unit | Chungang Wiwonhoe. |
| 651 #0 - SUBJECT ADDED ENTRY--GEOGRAPHIC NAME | |
| Geographic name | Korea (North) |
| General subdivision | Politics and government. |
| Chronological subdivision | 1948-1994. |
| 9 (RLIN) | 189854 |
| 700 1# - ADDED ENTRY--PERSONAL NAME | |
| Personal name | Sung, Kim il |
| 942 ## - ADDED ENTRY ELEMENTS (KOHA) | |
| Source of classification or shelving scheme | Dewey Decimal Classification |
| Koha item type | Books |
| Lost status | Source of classification or shelving scheme | Damaged status | Not for loan | Collection code | Permanent Location | Current Location | Shelving location | Date acquired | Source of acquisition | Total Checkouts | Full call number | Date last seen | Copy number | Koha item type |
|---|---|---|---|---|---|---|---|---|---|---|---|---|---|---|
| Dewey Decimal Classification | Not For Loan | Non-fiction | Central Library, University of Rajshahi | Central Library, University of Rajshahi | Reading Room | 09/10/1988 | Kim U Swing | 951.93043 SUR 1980 | 05/02/2017 | C-1 | Books |